Scotland economic property and market review (Record no. 108535)

MARC details
000 -LEADER
fixed length control field 01339cad a22002295a 4500
001 - CONTROL NUMBER
control field E144543
008 - FIXED-LENGTH DATA ELEMENTS--GENERAL INFORMATION
fixed length control field 080221s2008 xxkad f s 000 0 eng d
035 ## - SYSTEM CONTROL NUMBER
System control number (Sirsi) u144543
041 0# - LANGUAGE CODE
Language code of text/sound track or separate title eng
050 04 - LIBRARY OF CONGRESS CALL NUMBER
Classification number 333.6324 $2 18
110 2# - MAIN ENTRY--CORPORATE NAME
Corporate name or jurisdiction name as entry element GVA Grimley
9 (RLIN) 3646
245 00 - TITLE STATEMENT
Title Scotland economic property and market review
Remainder of title summer 2008
Medium [electronic resource]
260 ## - PUBLICATION, DISTRIBUTION, ETC.
Place of publication, distribution, etc. London
Name of publisher, distributor, etc. GVA Grimley
Date of publication, distribution, etc. 2008
490 #0 - SERIES STATEMENT
Series statement GVA Grimley Economic and Property Market Review UK
520 ## - SUMMARY, ETC.
Summary, etc. Reports that although annual growth in Scotland in 2007 was lower than for the UK as a whole, the figure for Q4 was higher. Suggests that growth in the Scottish economy will fall to around 1.7% in 2008 and 1.6% in 2009, which is broadly in line with the rest of the UK. Predicts that the office market in Scotland will continue to do well in the short to medium term, with average rental growth of 2.9% over 2007-2011, with rental growth of 0.9% predicted for the retail sector and 1.5% for the industrial sector over the same period.
590 ## - LOCAL NOTE (RLIN)
Local note KA
650 24 - SUBJECT ADDED ENTRY--TOPICAL TERM
Topical term or geographic name entry element GVA GRIMLEY ECONOMIC AND PROPERTY MARKET REVIEW SCOTLAND
651 #4 - SUBJECT ADDED ENTRY--GEOGRAPHIC NAME
Geographic name Scotland
Chronological subdivision 1999-
690 ## - LOCAL SUBJECT ADDED ENTRY--TOPICAL TERM (OCLC, RLIN)
Topical term or geographic name as entry element PROPERTY-COMMERCIAL PROPERTY-COMMERCIAL PROPERTY MARKET
856 48 - ELECTRONIC LOCATION AND ACCESS
Uniform Resource Identifier <a href="https://www.gvagrimley.co.uk/">https://www.gvagrimley.co.uk/</a>
Public note View the report free of charge under research at www. gvagrimley.co.uk...
942 ## - ADDED ENTRY ELEMENTS (KOHA)
Suppress in OPAC 0
Holdings
Withdrawn status Lost status Source of classification or shelving scheme Damaged status Not for loan Home library Current library Shelving location Date acquired Total Checkouts Full call number Barcode Date last seen Copy number Price effective from Koha item type
    Dewey Decimal Classification     Virtual Virtual Online 28/07/2008   ONLINE PUBLICATION 144543-2001 06/08/2019 1 06/08/2019 Book